Szczegóły MARC21

"The Apology", "Phaedo" and "Crito" of Plato /

003 -Nazwa inst., której nr kontr. jest w polu 001 [,]
    • @
    • Nazwa instytucji, której n kontrolny jest w polu 001
    • NUKAT
005 -DATA I CZAS OSTATNIEJ MODYFIKACJI [,]
    • @
    • pole kontrolne
    • 20241231101507.0
040 -Instytucja sporządzająca opis [ , ]
    • a
    • Instytucja, która sporządziła opis (NP)
    • SZCZ U/AB
    • b
    • Język katalogowania
    • pol
    • e
    • Zasady katalogowania
    • rda
    • c
    • Instytucja, która sporządziła rekord (NP)
    • SZCZ U/ABs
041 -Język dokumentu [1, ]
    • a
    • Język tekstu (P)
    • angielski
    • h
    • Język tekstu oryginalnego i/lub pośredniego (P)
    • grecki
942 -Rodzaj dokumentu [ , ]
    • c
    • Rodzaj dokumentu
    • Książka
245 -Strefa tytułu i oznaczenia odpowiedzialności [0,5]
    • a
    • Tytuł
    • "The Apology", "Phaedo" and "Crito" of Plato / Find
    • c
    • Pozostałe elementy strefy tytułu i oznaczenia odpowiedzialności (NP)
    • translated by Benjamin Jowett. "The golden sayings" of Epictetus / translated by Hastings Crossley. "The meditations" of Marcus Aurelius / translated by George Long.
260 -Strefa adresu wydawniczego [ , ]
    • a
    • Miejsce wydania (P)
    • New York :
    • b
    • Nazwa wydawcy (P)
    • P. F. Collier & Son Corporation,
    • c
    • Data wydania (P)
    • cop. 1937.
300 -Strefa opisu fizycznego [ , ]
    • a
    • Określenie formy książki i/lub objętość (NP)
    • [4], 345 stron :
    • b
    • Oznaczenie ilustracji (NP)
    • ilustracje ;
    • c
    • Format (NP)
    • 22 cm.
336 -Typ zawartości [ , ]
    • a
    • Termin opisujący typ zawartości
    • Tekst
    • b
    • Kod określający zawartość
    • txt
    • 2
    • Źródło (terminu i kodu)
    • rdacontent
337 -Typ mediów [ , ]
    • a
    • Tryb odtwarzania
    • Bez urządzenia pośredniczącego
    • b
    • Kod typu mediów
    • n
    • 2
    • Źródło (terminu i kodu)
    • rdamedia
338 -Typ/rodzaj nośnika [ , ]
    • a
    • Hasło opisujące typ nośnika
    • Wolumin
    • b
    • Kod typu nośnika
    • nc
    • 2
    • Źródło (terminu i kodu)
    • rdacarrier
490 -Strefa serii i książki wielotomowej - forma nie do wyszukiwania [1, ]
    • a
    • Tytuł (P)
    • The Harvard Classics Find
830 -Hasło dodatkowe serii i opisu książki wielotomowej - tytuł ujednolicony/tytuł [ ,4]
    • a
    • Tytuł ujednolicony/tytuł (NP)
    • The Harvard Classics
    • 9
    • KHW
    • 594436
080 -Uniwersalna Klasyfikacja Dziesiętna [ , ]
    • a
    • Symbol klasyfikacji
    • 875-4/-5=20
080 -Uniwersalna Klasyfikacja Dziesiętna [ , ]
    • a
    • Symbol klasyfikacji
    • +871-4/-5=20
600 -Hasło przedmiotowe w formie nazwy osobowej [0,7]
    • a
    • Nazwa osobowa
    • Epictetus
    • d
    • Daty związane z nazwą
    • (około 50-około 138)
    • v
    • Określnik formalny
    • cytaty.
    • 2
    • Źródło terminu
    • kaba
600 -Hasło przedmiotowe w formie nazwy osobowej [0,7]
    • a
    • Nazwa osobowa
    • Marek Aureliusz
    • c
    • Dopowiedzenie
    • (cesarz rzymski ;
    • d
    • Daty związane z nazwą
    • 121-180)
    • x
    • Określnik rzeczowy
    • notatki, szkice.
    • 2
    • Źródło terminu
    • kaba
    • 9
    • KHW
    • 631692
650 -Hasło przedmiotowe [ ,7]
    • a
    • Hasło przedmiotowe
    • Filozofia grecka
    • y
    • Określnik chronologiczny
    • 4 w. p.n.e.
    • 2
    • Źródło terminu
    • kaba
    • 9
    • KHW
    • 355752
650 -Hasło przedmiotowe [ ,7]
    • a
    • Hasło przedmiotowe
    • Stoicy
    • v
    • Określnik formalny
    • dzieła przed 1800.
    • 2
    • Źródło terminu
    • kaba
    • 9
    • KHW
    • 466998
650 -Hasło przedmiotowe [ ,7]
    • a
    • Hasło przedmiotowe
    • Życie (filozofia)
    • v
    • Określnik formalny
    • dzieła przed 1800.
    • 2
    • Źródło terminu
    • kaba
    • 9
    • KHW
    • 638826
655 -Hasło w funkcji tematu formalnego [ ,7]
    • a
    • Hasło
    • Mowy greckie
    • v
    • Określnik formy
    • tłumaczenia angielskie.
    • 2
    • Źródło terminu
    • kaba
    • 9
    • KHW
    • 609537
655 -Hasło w funkcji tematu formalnego [ ,7]
    • a
    • Hasło
    • Dialogi greckie
    • v
    • Określnik formy
    • tłumaczenia angielskie.
    • 2
    • Źródło terminu
    • kaba
980 -Symbol UKD [ , ]
    • a
    • UKD
    • 875+871]-4/-5=20
700 -Hasło dodatkowe - nazwa osobowa [0,2]
    • a
    • Nazwa osobowa (NP)
    • Plato Find
    • d
    • Daty biograficzne (NP)
    • (427-347 p.n.e.).
    • t
    • Tytuł ujednolicony/tytuł (NP)
    • Faidōn Find
    • l
    • Język tekstu (NP)
    • (ang.)
    • 9
    • KHW
    • 716178
700 -Hasło dodatkowe - nazwa osobowa [0,2]
    • a
    • Nazwa osobowa (NP)
    • Plato Find
    • d
    • Daty biograficzne (NP)
    • (427-347 p.n.e.).
    • t
    • Tytuł ujednolicony/tytuł (NP)
    • Kritōn Find
    • l
    • Język tekstu (NP)
    • (ang.)
    • 9
    • KHW
    • 716177
700 -Hasło dodatkowe - nazwa osobowa [0,2]
    • a
    • Nazwa osobowa (NP)
    • Epictetus Find
    • d
    • Daty biograficzne (NP)
    • (około 50-około 138).
    • t
    • Tytuł ujednolicony/tytuł (NP)
    • Egcheiridion Find
    • l
    • Język tekstu (NP)
    • (ang. ;
    • k
    • Sformalizowane określenie (P)
    • wybór)
    • 9
    • KHW
    • 715851
700 -Hasło dodatkowe - nazwa osobowa [0,2]
    • a
    • Nazwa osobowa (NP)
    • Marek Aureliusz Find
    • c
    • Dopowiedzenie inne niż daty biograficzne (NP)
    • (cesarz rzymski ;
    • d
    • Daty biograficzne (NP)
    • 121-180).
    • t
    • Tytuł ujednolicony/tytuł (NP)
    • Ta eis heauton Find
    • l
    • Język tekstu (NP)
    • (ang.)
    • 9
    • KHW
    • 638691
700 -Hasło dodatkowe - nazwa osobowa [1, ]
    • a
    • Nazwa osobowa (NP)
    • Jowett, Benjamin Find
    • d
    • Daty biograficzne (NP)
    • (1817-1893).
    • e
    • Określenie rodzaju współpracy
    • Tłumaczenie
    • 9
    • KHW
    • 717978
700 -Hasło dodatkowe - nazwa osobowa [1, ]
    • a
    • Nazwa osobowa (NP)
    • Crossley, Hastings. Find
    • e
    • Określenie rodzaju współpracy
    • Tłumaczenie
    • 9
    • KHW
    • 715813
700 -Hasło dodatkowe - nazwa osobowa [1, ]
    • a
    • Nazwa osobowa (NP)
    • Long, George Find
    • d
    • Daty biograficzne (NP)
    • (1800-1879).
    • e
    • Określenie rodzaju współpracy
    • Tłumaczenie
    • 9
    • KHW
    • 638692
710 -Hasło dodatkowe - nazwa ciała zbiorowego [2, ]
    • a
    • Nazwa ciała zbiorowego lub nazwa geograficzna jako pierwszy element (NP)
    • P. F. Collier & Son Corporation.
    • e
    • Rodzaj współpracy
    • Wydawca
    • 4
    • Kod relacji
    • pbl
    • 9
    • KHW
    • 606240
Lokalizacja Data inwentaryzacji Status udost. Numer inwentarzowy Sygnatura
BM2004-01-281A.1640ANG. Filozofia 16